<?xml version="1.0" encoding="UTF-8"?>
<collection xmlns="http://www.loc.gov/MARC21/slim">
 <record>
  <leader>01387nam a22002177a 4500</leader>
  <controlfield tag="001">NCT_4_013133</controlfield>
  <controlfield tag="008">240927b        xxu||||| |||| 00| 0 vie d</controlfield>
  <datafield tag="999" ind1=" " ind2=" ">
   <subfield code="c">8620</subfield>
   <subfield code="d">8620</subfield>
  </datafield>
  <datafield tag="020" ind1=" " ind2=" ">
   <subfield code="a">9786044876580</subfield>
   <subfield code="c">168000</subfield>
  </datafield>
  <datafield tag="082" ind1="0" ind2="4">
   <subfield code="2">23rd ed.</subfield>
   <subfield code="a">895.922</subfield>
   <subfield code="b">D513</subfield>
  </datafield>
  <datafield tag="100" ind1="1" ind2=" ">
   <subfield code="a">Nguyễn Phan Tú Dung</subfield>
  </datafield>
  <datafield tag="245" ind1="1" ind2="0">
   <subfield code="a">Nghèo là vốn liếng</subfield>
   <subfield code="c">Nguyễn Phan Tú Dung</subfield>
  </datafield>
  <datafield tag="260" ind1=" " ind2=" ">
   <subfield code="a">H.</subfield>
   <subfield code="b">Hồng Đức</subfield>
   <subfield code="c">2024</subfield>
  </datafield>
  <datafield tag="300" ind1=" " ind2=" ">
   <subfield code="a">270 tr.</subfield>
   <subfield code="c">21 cm</subfield>
  </datafield>
  <datafield tag="520" ind1="3" ind2=" ">
   <subfield code="a">&quot;Nghèo là vốn liếng&quot; cung cấp những câu chuyện trải nghiệm thực tế, kinh nghiệm xương máu giúp ta vượt qua khó khăn, đối mặt với thách thức, để bạn thân trở nên mạnh mẽ, tự tin và vững bước trên đường đời.</subfield>
  </datafield>
  <datafield tag="653" ind1=" " ind2=" ">
   <subfield code="a">Sách tham khảo</subfield>
  </datafield>
  <datafield tag="942" ind1=" " ind2=" ">
   <subfield code="2">ddc</subfield>
   <subfield code="c">BK</subfield>
  </datafield>
  <datafield tag="952" ind1=" " ind2=" ">
   <subfield code="0">0</subfield>
   <subfield code="1">0</subfield>
   <subfield code="2">ddc</subfield>
   <subfield code="4">0</subfield>
   <subfield code="6">895_922000000000000_D513</subfield>
   <subfield code="7">0</subfield>
   <subfield code="9">29541</subfield>
   <subfield code="a">000001</subfield>
   <subfield code="b">000001</subfield>
   <subfield code="d">2024-09-27</subfield>
   <subfield code="o">895.922 D513</subfield>
   <subfield code="p">TK.04671</subfield>
   <subfield code="r">2024-09-27</subfield>
   <subfield code="v">168000.00</subfield>
   <subfield code="w">2024-09-27</subfield>
   <subfield code="y">BK</subfield>
  </datafield>
  <datafield tag="952" ind1=" " ind2=" ">
   <subfield code="0">0</subfield>
   <subfield code="1">0</subfield>
   <subfield code="2">ddc</subfield>
   <subfield code="4">0</subfield>
   <subfield code="6">895_922000000000000_D513</subfield>
   <subfield code="7">0</subfield>
   <subfield code="9">29542</subfield>
   <subfield code="a">000001</subfield>
   <subfield code="b">000001</subfield>
   <subfield code="d">2024-09-27</subfield>
   <subfield code="l">1</subfield>
   <subfield code="o">895.922 D513</subfield>
   <subfield code="p">TK.04672</subfield>
   <subfield code="r">2025-08-11</subfield>
   <subfield code="s">2025-06-16</subfield>
   <subfield code="v">168000.00</subfield>
   <subfield code="w">2024-09-27</subfield>
   <subfield code="y">BK</subfield>
  </datafield>
  <datafield tag="952" ind1=" " ind2=" ">
   <subfield code="0">0</subfield>
   <subfield code="1">0</subfield>
   <subfield code="2">ddc</subfield>
   <subfield code="4">0</subfield>
   <subfield code="6">895_922000000000000_D513</subfield>
   <subfield code="7">0</subfield>
   <subfield code="9">29543</subfield>
   <subfield code="a">000001</subfield>
   <subfield code="b">000001</subfield>
   <subfield code="d">2024-09-27</subfield>
   <subfield code="l">1</subfield>
   <subfield code="m">1</subfield>
   <subfield code="o">895.922 D513</subfield>
   <subfield code="p">TK.04673</subfield>
   <subfield code="r">2024-10-30</subfield>
   <subfield code="s">2024-10-07</subfield>
   <subfield code="v">168000.00</subfield>
   <subfield code="w">2024-09-27</subfield>
   <subfield code="y">BK</subfield>
  </datafield>
  <datafield tag="980" ind1=" " ind2=" ">
   <subfield code="a">Thư viện Trường Đại học Nam Cần Thơ</subfield>
  </datafield>
 </record>
</collection>
